[Event "Winter Server Series, S91004"]
[Site "CCLA"]
[Date "2019.02.23"]
[Round "?"]
[White "Avery, Bryce"]
[Black "Walton, John C."]
[Result "0-1"]
[WhiteElo "1668"]
[BlackElo "1908"]

1. d4 Nf6 2. c4 g6 3. Nc3 Bg7 4. Nf3 O-O 5. e4 d6 6. h3 e5 7. d5 a5 8. Bg5
Na6 9. Be2 Qe8 10. g4 Nd7 11. Rg1 Ndc5 12. h4 Kh8 13. h5 f5 14. h6 Bf6 15.
 Bxf6+ Rxf6 16. exf5 Qe7 17. Qd2 gxf5 18. g5 Rf7 19. O-O-O f4 20. Nh4 Nb4 
21. Kb1 f3 22. Bxf3 Rxf3 23. Nxf3 Bf5+ 24. Ka1 a4 25. Ne1 Nb3+ 0-1

[Event "Winter Server Series, S91004"]
[Site "CCLA"]
[Date "2019.02.23"]
[Round "?"]
[White "Avery, Bryce"]
[Black "Zarges, Ron V."]
[Result "1/2-1/2"]
[WhiteElo "1668"]
[BlackElo "1673"]

1. Nf3 d5 2. d4 c5 3. dxc5 e6 4. e3 Bxc5 5. a3 Nf6 6. b4 Be7 7. Bb2 O-O 8.
 Bd3 Nbd7 9. O-O a5 10. b5 b6 11. a4 Qc7 12. Nc3 Bb7 13. Qe2 Rac8 14. Rac1
e5 15. Bf5 e4 16. Nd4 Bb4 17. Bxd7 Nxd7 18. Nb1 Ne5 19. Ba3 Bxa3 20. Nxa3 
Qd6 21. Ra1 Nc4 22. Nxc4 Rxc4 23. Qg4 Bc8 24. Qg3 Qxg3 25. hxg3 1/2-1/2

[Event "Winter Server Series, S91004"]
[Site "CCLA"]
[Date "2019.02.23"]
[Round "?"]
[White "Walton, John C."]
[Black "Ruiz, Glenn"]
[Result "1-0"]
[WhiteElo "1908"]
[BlackElo "1779"]

1. d4 Nf6 2. c4 e6 3. g3 Bb4+ 4. Bd2 a5 5. Bg2 d6 6. e4 e5 7. Ne2 O-O 8. 
O-O exd4 9. Nxd4 Re8 10. Qc2 c6 11. Nc3 Nbd7 12. Rad1 Ne5 13. Nce2 Bc5 14.
 h3 Be6 15. b3 Bc8 16. Bc3 Qc7 17. g4 Rd8 18. Ng3 Bxd4 19. Bxd4 Ne8 20. c5
dxc5 21. Bxe5 1-0

[Event "Winter Server Series, S91004"]
[Site "CCLA"]
[Date "2019.02.23"]
[Round "?"]
[White "Walton, John C."]
[Black "Avery, Bryce"]
[Result "1-0"]
[WhiteElo "1908"]
[BlackElo "1668"]

1. d4 Nf6 2. c4 e6 3. g3 Bb4+ 4. Bd2 Bxd2+ 5. Nxd2 d6 6. e3 O-O 7. Bg2 e5 
8. Ne2 c6 9. O-O Bg4 10. h3 Bxe2 11. Qxe2 exd4 12. exd4 Re8 13. Qd3 Qb6 
14. b4 Na6 15. b5 cxb5 16. cxb5 Nc7 17. Nc4 Qxb5 18. Rfb1 Qd7 19. Rxb7 d5 
20. Ne5 Qd6 21. Rc1 Rec8 22. Rc6 Qd8 23. Qf5 Rab8 24. Rxa7 1-0

[Event "Winter Server Series, S91004"]
[Site "CCLA"]
[Date "2019.02.23"]
[Round "?"]
[White "Walton, John C."]
[Black "Zarges, Ron V."]
[Result "1-0"]
[WhiteElo "1908"]
[BlackElo "1673"]

1. d4 Nf6 2. c4 e6 3. g3 c5 4. d5 exd5 5. cxd5 d6 6. Nc3 g6 7. Bg2 Bg7 8. 
Nf3 O-O 9. O-O Nbd7 10. Bf4 Qe7 11. a4 h6 12. Qc1 g5 13. Bd2 Nb6 14. h4 
Ng4 15. hxg5 hxg5 16. Bxg5 f6 17. Bf4 Nc4 18. Nh4 Rd8 19. Be4 Nge5 20. Kg2
Bd7 21. Rh1 Qf7 22. Nf5 Bxf5 23. Bxf5 Kf8 24. Rh7 Ke8 25. Bh6 Bxh6 26. 
Qxh6 1-0

[Event "Winter Server Series, S91004"]
[Site "CCLA"]
[Date "2019.02.23"]
[Round "?"]
[White "Zarges, Ron V."]
[Black "Ruiz, Glenn"]
[Result "1-0"]
[WhiteElo "1673"]
[BlackElo "1779"]

1. e4 c6 2. d4 d5 3. exd5 cxd5 4. c4 Nf6 5. Nc3 e6 6. Nf3 Bb4 7. cxd5 Nxd5
8. Bd2 Nc6 9. Bd3 Nf6 10. O-O Be7 11. Bg5 a6 12. Rc1 Nb4 13. Bb1 Nbd5 14. 
Na4 Bd7 15. Nc5 b6 16. Nxd7 Nxd7 17. Bd2 Bf6 18. Be4 O-O 19. Qb3 Nb8 20. 
Bxd5 exd5 21. Rc2 a5 22. Rfc1 Na6 23. a3 a4 24. Qxa4 Nc5 25. Qb5 Ne4 26. 
Bf4 Ra5 27. Qc6 Re8 28. Bc7 Qe7 29. Qxb6 Ra4 30. Be5 Bxe5 31. Nxe5 Qh4 32.
 g3 Qh3 33. Qc6 Raa8 34. Qxd5 Qf5 35. Qd7 Qf6 36. Qc6 Qf5 37. g4 1-0

[Event "Winter Server Series, S91004"]
[Site "CCLA"]
[Date "2019.02.23"]
[Round "?"]
[White "Zarges, Ron V."]
[Black "Avery, Bryce"]
[Result "1/2-1/2"]
[WhiteElo "1673"]
[BlackElo "1668"]

1. c4 c5 2. g3 Nc6 3. Bg2 g6 4. Nc3 Bg7 5. e3 e5 6. Nge2 Nge7 7. O-O O-O 
8. a3 d6 9. Rb1 a5 10. Nd5 Bf5 11. d3 Nxd5 12. cxd5 Ne7 13. b4 axb4 14. 
axb4 c4 15. e4 cxd3 16. Nc3 Bc8 17. Qxd3 f5 18. Bb2 fxe4 19. Nxe4 Qb6 20. 
b5 Bd7 21. Ba3 Nc8 22. Qb3 Bf5 23. Bc1 Bxe4 24. Bxe4 Ne7 25. Be3 Qd8 26. 
Ra1 Nf5 27. b6 Nxe3 28. Qxe3 Rxa1 29. Rxa1 Qd7 30. Ra7 Rc8 31. Qa3 Bf8 32.
 Ra8 Rxa8 33. Qxa8 Qg4 34. f3 Qd7 35. Bd3 Kf7 36. Kf2 Qh3 37. Bf1 Qd7 38. 
Ba6 Be7 39. Qxb7 Qxb7 1/2-1/2

[Event "Winter Server Series, S91004"]
[Site "CCLA"]
[Date "2019.02.23"]
[Round "?"]
[White "Zarges, Ron V."]
[Black "Walton, John C."]
[Result "0-1"]
[WhiteElo "1673"]
[BlackElo "1908"]

1. e4 e6 2. d4 d5 3. Nc3 Bb4 4. e5 c5 5. Qg4 Ne7 6. Nf3 cxd4 7. Nxd4 Ng6 
8. Bd2 O-O 9. f4 Qb6 10. Nb3 Nc6 11. O-O-O a5 12. a4 Nd4 13. Qg3 Nxb3+ 14.
 cxb3 Bd7 15. Kb1 Bxc3 16. Qxc3 Rfc8 17. Qg3 d4 18. Be2 Bc6 19. Rc1 Ne7 
20. Bc4 Be4+ 21. Ka2 Qd8 22. Bd3 Bd5 23. Bc4 Rc5 24. Bxd5 Rxd5 25. Qd3 b5 
26. g4 Qd7 27. axb5 Rxb5 28. Rc4 Rab8 29. Rxd4 Nd5 30. Rc1 h6 31. Rcc4 Qb7
32. b4 axb4 33. Kb1 Ra5 34. Bxb4 Rb5 35. Qd2 Nxb4 0-1

[Event "Winter Server Series, S91005"]
[Site "CCLA"]
[Date "2019.02.23"]
[Round "?"]
[White "Avery, Bryce"]
[Black "Disque, Philip"]
[Result "1/2-1/2"]
[WhiteElo "1679"]
[BlackElo "1722"]

1. e4 c5 2. Nc3 g6 3. f4 Bg7 4. Nf3 Nc6 5. Bb5 Nd4 6. Nxd4 cxd4 7. Ne2 Qb6
8. Bc4 Qc5 9. Bb3 d6 10. Ng3 Nf6 11. d3 Bg4 12. Ne2 Qh5 13. Bd2 O-O 14. 
Bb4 Bxe2 15. Qxe2 Qxe2+ 16. Kxe2 a5 17. Be1 b5 18. a3 Rfc8 19. c3 a4 20. 
Ba2 Nd7 21. Rc1 Nc5 22. cxd4 Nb3 23. Rxc8+ Rxc8 24. Bxb3 axb3 25. Bc3 e6 
26. Kd2 f6 27. Rc1 Bh6 28. g3 g5 29. Rf1 gxf4 30. gxf4 Kf7 31. Ke2 d5 32. 
Kf3 f5 33. exf5 exf5 34. Rc1 Bg7 35. Ke3 Re8+ 36. Kf3 Rc8 37. h3 Rc6 38. 
Ra1 Ra6 39. Rc1 Rc6 40. Ra1 1/2-1/2

[Event "Winter Server Series, S91005"]
[Site "CCLA"]
[Date "2019.02.23"]
[Round "?"]
[White "Avery, Bryce"]
[Black "Laaman, Thomas"]
[Result "1/2-1/2"]
[WhiteElo "1679"]
[BlackElo "1601"]

1. c4 e6 2. d4 d5 3. Nc3 c5 4. cxd5 exd5 5. Nf3 Nc6 6. g3 Nf6 7. Bg2 Be7 
8. O-O O-O 9. dxc5 Bxc5 10. Na4 Be7 11. Be3 Bg4 12. Rc1 Bxf3 13. Bxf3 d4 
14. Bg5 Nd5 15. Bxe7 Ndxe7 16. Nc5 Rb8 17. Qb3 b6 18. Nd3 Rc8 19. Rfd1 Re8
20. Qb5 Qd6 21. h4 h6 22. Rc4 Na5 23. Rxc8 Rxc8 24. b4 Nac6 25. Rc1 Kf8 
26. a4 Kg8 27. a5 bxa5 28. bxa5 Kf8 29. Nf4 Ne5 30. Rxc8+ Nxc8 31. Bb7 Ne7
32. Nd3 Nxd3 33. Qxd3 g6 34. e3 Nf5 35. Be4 dxe3 36. Bxf5 exf2+ 37. Kxf2 
Qc5+ 38. Kf3 gxf5 39. Qd2 Qc6+ 40. Kf2 Qe6 41. Qb4+ Qe7 42. Qd4 Kg8 43. a6
Qc7 44. Qf6 Qc2+ 45. Kf3 Qe4+ 46. Kf2 Qc2+ 47. Kf3 1/2-1/2

[Event "Winter Server Series, S91005"]
[Site "CCLA"]
[Date "2019.02.23"]
[Round "?"]
[White "Avery, Bryce"]
[Black "Smith, Jason A."]
[Result "0-1"]
[WhiteElo "1679"]
[BlackElo "1745"]

1. d4 e6 2. e4 d5 3. Nc3 dxe4 4. Nxe4 Bd7 5. Nf3 Bc6 6. Ng3 Nd7 7. Bd3 
Ngf6 8. O-O Be7 9. Re1 O-O 10. c3 b6 11. Qe2 Bb7 12. Ng5 Bd6 13. Nxf7 Rxf7
14. Qxe6 Qe7 15. Bc4 Bd5 16. Qxe7 Rxe7 17. Bxd5+ Nxd5 18. Bg5 Rxe1+ 19. 
Rxe1 Bxg3 20. hxg3 h6 21. Bd2 Kf7 22. c4 N5f6 23. Bf4 Re8 24. Kf1 Rxe1+ 
25. Kxe1 c6 26. Ke2 Ke6 27. Kd3 b5 28. b3 bxc4+ 29. bxc4 Nh5 30. Bc7 g5 
31. f3 Ndf6 32. a4 g4 33. a5 Ne8 34. Be5 a6 35. f4 Nxg3 0-1

[Event "Winter Server Series, S91005"]
[Site "CCLA"]
[Date "2019.02.23"]
[Round "?"]
[White "Disque, Philip"]
[Black "Avery, Bryce"]
[Result "1-0"]
[WhiteElo "1722"]
[BlackElo "1679"]

1. d4 Nf6 2. Nf3 d5 3. Bf4 c5 4. e3 Qb6 5. Nc3 Bg4 6. Na4 Qa5+ 7. c3 cxd4 
8. exd4 Nc6 9. b4 Bxf3 10. gxf3 Nxb4 11. cxb4 Qxb4+ 12. Bd2 Qxd4 13. Bb5+ 
Nd7 14. Bc3 Qxd1+ 15. Kxd1 e6 16. Rb1 b6 17. Rg1 Rg8 18. Bb4 Bxb4 19. Rxb4
Ke7 20. Bxd7 Kxd7 21. Rbg4 g6 22. Kd2 Rac8 23. Rb4 Rc6 24. Rc1 Rgc8 25. 
Rxc6 Rxc6 26. Nb2 Kd6 27. Rh4 h5 28. Rf4 Rc7 29. Rb4 e5 30. Rb3 g5 31. Na4
Rc4 32. Nc3 Rh4 33. Nb5+ Kc5 34. Nxa7 Rxh2 35. Rc3+ Kd6 36. Ke2 f5 37. 
Nb5+ Kd7 38. Kf1 Rh1+ 39. Kg2 Rb1 40. Rc7+ Ke6 41. Rc6+ Ke7 42. Rxb6 h4 
43. a4 Rb4 44. a5 1-0

[Event "Winter Server Series, S91005"]
[Site "CCLA"]
[Date "2019.02.23"]
[Round "?"]
[White "Disque, Philip"]
[Black "Laaman, Thomas"]
[Result "1/2-1/2"]
[WhiteElo "1722"]
[BlackElo "1601"]

1. Nf3 d5 2. d4 e6 3. e3 c5 4. b3 Nc6 5. Bb2 Nf6 6. Nbd2 Be7 7. Bd3 O-O 8.
 O-O Re8 9. Ne5 Bd7 10. f4 Rc8 11. a3 cxd4 12. exd4 Bd6 13. Qf3 Ne7 14. g4
Rf8 15. Qh3 g6 16. Kh1 Kg7 17. Qg3 Rh8 18. Kg2 Nfg8 19. Qe3 f6 20. Nxd7 
Qxd7 21. Rae1 Bc7 22. Qxe6 Qxe6 23. Rxe6 Kf7 24. Re3 Nc6 25. c4 Nge7 26. 
b4 a6 27. Nb3 Bd6 28. c5 Bb8 29. b5 axb5 30. Bxb5 f5 31. g5 h6 32. h4 hxg5
33. hxg5 Rh4 34. Ref3 Rch8 35. Bc1 Rh2+ 36. Kg1 R8h4 37. Bd3 Bc7 38. R3f2 
R2h3 39. Rf3 Rh2 40. R3f2 R2h3 41. Rf3 Rh2 42. R3f2 R2h3 1/2-1/2

[Event "Winter Server Series, S91005"]
[Site "CCLA"]
[Date "2019.02.23"]
[Round "?"]
[White "Disque, Philip"]
[Black "Smith, Jason A."]
[Result "1-0"]
[WhiteElo "1722"]
[BlackElo "1745"]

1. Nf3 e6 2. c4 d5 3. d4 Nf6 4. g3 Be7 5. Bg2 O-O 6. O-O c6 7. b3 Nbd7 8. 
Bb2 b6 9. Nbd2 Bb7 10. Qc2 Rc8 11. e4 c5 12. exd5 exd5 13. Rad1 Qc7 14. 
Qb1 dxc4 15. Rfe1 Rfe8 16. Nxc4 cxd4 17. Nxd4 Bxg2 18. Kxg2 Qb7+ 19. f3 
Bb4 20. Rxe8+ Rxe8 21. Kf2 Ne5 22. Nxe5 Rxe5 23. Ne2 Bc5+ 24. Bd4 Qe7 25. 
Qb2 g5 26. h3 h5 27. Bxc5 Qxc5+ 28. Qd4 Qb5 29. Nc3 Qc5 30. b4 Qxd4+ 31. 
Rxd4 a5 32. a3 axb4 33. axb4 Kg7 34. f4 gxf4 35. gxf4 Re6 36. Kf3 Rc6 37. 
Na4 b5 38. Nc5 Kg6 39. Rd8 Kf5 40. Rb8 Nd5 41. Rxb5 Nc3 42. Ra5 f6 43. 
Nb3+ Kg6 44. Rc5 Rxc5 45. Nxc5 Kf5 46. Nd3 Ke6 47. Kg3 Kd5 48. Kh4 Ke4 49.
 Kxh5 Kxd3 50. h4 Ke4 51. Kg6 Kxf4 52. h5 Nd5 53. h6 Ne7+ 54. Kf7 Nc6 55. 
b5 Ne5+ 56. Kg7 Kg5 57. h7 Ng6 58. b6 f5 59. b7 f4 60. b8=Q f3 61. Qg3+ 
Kh5 62. Qxf3+ Kg5 63. Qf6+ Kh5 64. Qxg6+ Kh4 65. h8=R# 1-0

[Event "Winter Server Series, S91005"]
[Site "CCLA"]
[Date "2019.02.23"]
[Round "?"]
[White "Laaman, Thomas"]
[Black "Avery, Bryce"]
[Result "0-1"]
[WhiteElo "1601"]
[BlackElo "1679"]

1. e4 e6 2. d4 d5 3. exd5 exd5 4. Bd3 Nc6 5. Nf3 Bg4 6. c3 Bd6 7. O-O Nge7
8. Nbd2 Qd7 9. h3 Bxh3 10. gxh3 Qxh3 11. Re1 O-O-O 12. Bf1 Qg4+ 13. Bg2 h5
14. Nh2 Qg6 15. Kh1 Kb8 16. Rg1 Qf5 17. Qf3 Qh7 18. Qh3 g5 19. Ndf1 g4 20.
 Qh4 Nf5 21. Qg5 Rdg8 22. Qd2 h4 23. Bxd5 g3 24. Bxc6 bxc6 25. Nf3 gxf2 
26. Rxg8+ Rxg8 27. Qd1 Ng3+ 28. Kg2 Ne4+ 29. Kh1 Qg6 30. Ne3 Qg3 0-1

[Event "Winter Server Series, S91005"]
[Site "CCLA"]
[Date "2019.02.23"]
[Round "?"]
[White "Laaman, Thomas"]
[Black "Disque, Philip"]
[Result "0-1"]
[WhiteElo "1601"]
[BlackElo "1722"]

1. e4 Nf6 2. Nc3 e5 3. f4 d5 4. exd5 Nxd5 5. fxe5 Be7 6. Nf3 Bg4 7. Bc4 c6
8. Nxd5 cxd5 9. Bb5+ Nc6 10. d4 Qa5+ 0-1

[Event "Winter Server Series, S91005"]
[Site "CCLA"]
[Date "2019.02.23"]
[Round "?"]
[White "Laaman, Thomas"]
[Black "Smith, Jason A."]
[Result "0-1"]
[WhiteElo "1601"]
[BlackElo "1745"]

1. e4 e6 2. d4 d5 3. exd5 exd5 4. Bd3 Bd6 5. Nf3 Bg4 6. O-O Nc6 7. Re1+ 
Nge7 8. c3 Qd7 9. Bg5 O-O-O 10. Bb5 f6 11. Bh4 Nf5 12. Bg3 Nxg3 13. fxg3 
h5 14. Nbd2 h4 15. gxh4 g5 16. Qa4 Qf5 17. Bxc6 bxc6 18. Qxc6 Bxf3 19. 
Nxf3 g4 20. Nd2 Rxh4 21. g3 Rxh2 22. Rf1 Qh7 23. Qa8+ Kd7 24. Qxd5 Rxd2 
25. Qb5+ c6 26. Qf5+ Qxf5 27. Rxf5 Bxg3 28. Rxf6 Bh2+ 29. Kf1 g3 0-1

[Event "Winter Server Series, S91005"]
[Site "CCLA"]
[Date "2019.02.23"]
[Round "?"]
[White "Smith, Jason A."]
[Black "Avery, Bryce"]
[Result "1/2-1/2"]
[WhiteElo "1745"]
[BlackElo "1679"]

1. Nf3 Nf6 2. c4 c5 3. Nc3 d5 4. cxd5 Nxd5 5. Qb3 Nxc3 6. dxc3 Nc6 7. Bf4 
e6 8. Rd1 Qb6 9. Qxb6 axb6 10. a3 Be7 11. e4 Ra4 12. Bd3 f5 13. Bc2 Ra8 
14. O-O O-O 15. exf5 exf5 16. Bb3+ Kh8 17. Rfe1 Bf6 18. Bd6 Rd8 19. Bxc5 
Rxd1 20. Bxd1 h6 21. Re8+ Kh7 22. Bxb6 Ra6 23. Rxc8 Rxb6 24. Bc2 Ne7 25. 
Rc7 Rxb2 26. Bd3 Rb3 27. Kf1 Rxa3 28. Rxb7 Rxc3 1/2-1/2

[Event "Winter Server Series, S91005"]
[Site "CCLA"]
[Date "2019.02.23"]
[Round "?"]
[White "Smith, Jason A."]
[Black "Disque, Philip"]
[Result "1-0"]
[WhiteElo "1745"]
[BlackElo "1722"]

1. Nf3 Nf6 2. d4 d5 3. e3 Bg4 4. Nbd2 e6 5. Bd3 Bd6 6. O-O Nbd7 7. b3 e5 
8. e4 Qe7 9. Bb2 O-O-O 10. c4 dxe4 11. Nxe4 Nxe4 12. Bxe4 exd4 13. Qxd4 
Bxf3 14. Bxf3 Ne5 15. Qe4 Nxf3+ 16. Qxf3 f6 17. Rfe1 Be5 18. Bxe5 fxe5 19.
 Qf5+ Qd7 20. Qxd7+ Rxd7 21. Rxe5 Rhd8 22. f4 Rd2 23. Re7 R8d7 24. Re8+ 
Rd8 25. Rae1 Rxa2 26. R1e7 Rb2 27. Rxd8+ Kxd8 28. Rxg7 Rxb3 29. Rxh7 c6 
30. Rh5 b5 31. cxb5 cxb5 32. Re5 b4 33. f5 Rc3 34. f6 Rc7 35. Rb5 Rf7 36. 
Rxb4 Rxf6 37. Ra4 a6 38. g4 Ke7 39. Kg2 Kf7 40. Kg3 Kg6 41. h4 Rb6 42. h5+
Kh6 43. Kh4 Kh7 44. Ra5 Kg7 45. g5 Rb4+ 46. Kg3 Rb6 47. Kf4 Rb4+ 48. Kf5 
Rb6 49. Re5 Rb7 50. h6+ Kh7 51. Re6 Ra7 52. Re8 a5 53. g6+ 1-0

[Event "Winter Server Series, S91005"]
[Site "CCLA"]
[Date "2019.02.23"]
[Round "?"]
[White "Smith, Jason A."]
[Black "Laaman, Thomas"]
[Result "1-0"]
[WhiteElo "1745"]
[BlackElo "1601"]

1. Nf3 d5 2. e4 dxe4 3. Ng5 Nf6 4. Bc4 e6 5. Nc3 b6 6. Ncxe4 Bb7 7. Qe2 
Qd4 8. c3 Qe5 9. d4 Qf5 10. Nxf6+ Qxf6 11. d5 h6 12. dxe6 hxg5 13. exf7+ 
Kd7 14. Qe8+ Kd6 15. Bf4+ gxf4 16. O-O-O+ 1-0

[Event "2019 Winter Server Series, S91006"]
[Site "CCLA"]
[Date "2019.02.23"]
[Round "?"]
[White "Walsh, Patrick"]
[Black "Strelecky, Rich"]
[Result "0-1"]
[WhiteElo "1743"]
[BlackElo "1694"]

1. e4 e5 2. Nf3 Nf6 3. Nxe5 d6 4. Nf3 Nxe4 5. d4 d5 6. Bd3 Nc6 7. O-O Be7 
8. Re1 Bg4 9. c3 Nf6 10. h3 Bxf3 11. Qxf3 h6 12. Qg3 Kf8 13. Nd2 Bd6 14. 
Qe3 Qd7 15. Qf3 Be7 16. Nf1 Re8 17. Bd2 g6 18. Ne3 h5 19. Rad1 Kg7 20. Re2
Nd8 21. Rde1 Ne6 22. Qg3 Bf8 23. f4 Ne4 24. Bxe4 dxe4 25. f5 Nd8 26. fxg6 
fxg6 27. Nc4 h4 28. Qf4 Bd6 29. Nxd6 cxd6 30. Rxe4 Rxe4 31. Rxe4 Nf7 32. 
c4 d5 33. cxd5 Qxd5 34. a3 g5 35. Re7 gxf4 0-1

[Event "2019 Winter Server Series, S91006"]
[Site "CCLA"]
[Date "2019.02.23"]
[Round "?"]
[White "Walsh, Patrick"]
[Black "Catania, Duane"]
[Result "1-0"]
[WhiteElo "1743"]
[BlackElo "1648"]

1. e4 e6 2. d3 d5 3. Nd2 Nf6 4. Ngf3 c5 5. g3 Nc6 6. Bg2 Be7 7. O-O O-O 8.
 Re1 Qc7 9. e5 Nd7 10. Qe2 a6 11. a4 b6 12. c3 Bb7 13. Nf1 Na5 14. Bf4 Bc6
15. N1d2 b5 16. axb5 axb5 17. d4 c4 18. Ng5 h6 19. Nh3 Rfb8 20. Qg4 Kf8 
21. Be3 b4 22. f4 bxc3 23. bxc3 Nb3 24. Rxa8 Rxa8 25. f5 Nxd2 26. Bxd2 Ra2
27. fxe6 Rxd2 28. exf7 Qa5 29. Nf4 Rxg2+ 30. Kxg2 Qxc3 31. Rf1 Bf6 32. Qe6
Nxe5 33. dxe5 Qc2+ 34. Kg1 Qe4 35. Qc8+ Kxf7 36. e6+ Ke7 37. Qc7+ Kf8 38. 
Qf7# 1-0

[Event "2019 Winter Server Series, S91006"]
[Site "CCLA"]
[Date "2019.02.23"]
[Round "?"]
[White "Walsh, Patrick"]
[Black "Dolan, Bruce"]
[Result "1/2-1/2"]
[WhiteElo "1743"]
[BlackElo "1690"]

1. e4 e5 2. Nf3 Nc6 3. Bb5 a6 4. Ba4 d6 5. O-O Be7 6. Bxc6+ bxc6 7. d4 
exd4 8. Nxd4 Bd7 9. Qf3 c5 10. Nf5 Bf6 11. Re1 Bxf5 12. exf5+ Ne7 13. Nc3 
O-O 14. Ne4 Nd5 15. Rd1 Nb6 16. Nxc5 d5 17. Rb1 c6 18. Be3 Nc4 19. Bc1 Re8
20. c3 Ne5 21. Qg3 Qa5 22. Be3 Qxa2 23. Bd4 Rad8 24. f4 Nd7 25. Nxd7 Bxd4+
26. cxd4 Rxd7 27. f6 g6 28. f5 Qa5 29. Re1 Re4 30. Rec1 Rd8 31. Rxc6 Qa4 
32. Qc3 Qxd4+ 33. Qxd4 Rxd4 34. Rxa6 Rb4 35. Rd1 Rb5 36. Rd4 Rxb2 37. Rxd5
Rc8 38. h4 gxf5 39. Rxf5 h6 40. Ra3 Kh7 41. Rg3 Rg8 42. Rxg8 Kxg8 43. Kh2 
1/2-1/2

[Event "2019 Winter Server Series, S91006"]
[Site "CCLA"]
[Date "2019.02.23"]
[Round "?"]
[White "Strelecky, Rich"]
[Black "Walsh, Patrick"]
[Result "0-1"]
[WhiteElo "1694"]
[BlackElo "1743"]

1. d4 Nf6 2. c4 e6 3. Nf3 b6 4. g3 Bb7 5. Bg2 Be7 6. O-O O-O 7. Nc3 Na6 8.
 Re1 d5 9. Ne5 c6 10. Bf4 Nd7 11. Nxd7 Qxd7 12. b3 dxc4 13. bxc4 Rad8 14. 
d5 cxd5 15. cxd5 exd5 16. a3 Nc5 17. Qc2 d4 18. Ne4 Qf5 19. f3 d3 20. exd3
Nxd3 21. Nf2 Qc5 22. Re2 Nxf4 23. gxf4 Qxc2 24. Rxc2 Bc5 25. Kh1 f5 26. 
Rb1 Bc6 27. Rc3 Rfe8 28. h3 Re3 29. Rbc1 Bb5 30. R3c2 Rxa3 31. Kh2 Bc6 32.
 Kg3 Rd6 33. Rc3 Rg6+ 34. Ng4 Rxc3 35. Rxc3 a5 36. Kh2 fxg4 37. hxg4 a4 
38. Bf1 Rd6 39. Bc4+ Bd5 40. Be2 a3 41. Rc1 a2 0-1

[Event "2019 Winter Server Series, S91006"]
[Site "CCLA"]
[Date "2019.02.23"]
[Round "?"]
[White "Strelecky, Rich"]
[Black "Catania, Duane"]
[Result "1/2-1/2"]
[WhiteElo "1694"]
[BlackElo "1648"]

1. d4 e6 2. e4 d5 3. Nc3 Nf6 4. Bg5 Bb4 5. e5 h6 6. Bd2 Bxc3 7. Bxc3 Ne4 
8. Bb4 c5 9. Bb5+ Bd7 10. Bxd7+ Nxd7 11. Bxc5 Nexc5 12. dxc5 Nxe5 13. Nf3 
Nxf3+ 14. Qxf3 Qa5+ 15. Qc3 Qxc3+ 16. bxc3 Kd7 17. Rb1 Rab8 18. Rb5 Rhc8 
19. O-O Rc6 20. Rfb1 Kc7 21. Ra5 a6 22. Rb4 f6 23. Rg4 g5 24. Rb4 e5 25. 
g4 Rc8 26. Kg2 Kb8 27. a3 Rxc5 28. Rxa6 R8c6 29. Rxc6 Rxc6 30. Rb3 Kc7 31.
 Kg3 Rc4 32. h3 Kc6 33. Kg2 b5 34. Kg3 Kc5 35. Kg2 d4 36. cxd4+ exd4 37. 
Rb2 Rc3 38. Ra2 Kc4 39. f3 d3 40. cxd3+ Rxd3 41. Re2 Kb3 42. Re6 Kxa3 43. 
Rxf6 b4 44. Ra6+ Kb2 45. Rxh6 b3 46. Ra6 Kc2 47. Rc6+ Rc3 48. Re6 b2 49. 
Re2+ Kb1 50. Re1+ Ka2 51. h4 gxh4 52. Kh3 Rxf3+ 53. Kxh4 b1=Q 54. Rxb1 
Kxb1 55. g5 Kc2 56. g6 Rf1 57. Kg5 Kd3 58. g7 Ke4 59. Kg6 Rg1+ 60. Kf7 Ke5
61. g8=Q Rxg8 62. Kxg8 1/2-1/2

[Event "2019 Winter Server Series, S91006"]
[Site "CCLA"]
[Date "2019.02.23"]
[Round "?"]
[White "Strelecky, Rich"]
[Black "Dolan, Bruce"]
[Result "1-0"]
[WhiteElo "1694"]
[BlackElo "1690"]

1. d4 d5 2. Bf4 Nf6 3. Nf3 e6 4. e3 c5 5. Bb5+ Nc6 6. O-O a6 7. Bxc6+ bxc6
8. Nc3 Be7 9. dxc5 Bxc5 10. Na4 Ba7 11. b3 O-O 12. Re1 a5 13. Rc1 Ba6 14. 
Ne5 Rc8 15. c4 Qe7 16. cxd5 Nxd5 17. Nxc6 Rxc6 18. Rxc6 Bb7 19. Bd6 Qf6 
20. Bxf8 Bxc6 21. Bc5 Bxc5 22. Nxc5 Qg5 23. Ne4 Qh4 24. Ng3 Qe7 25. Qd2 a4
26. e4 Nf6 27. b4 h6 28. e5 Ne8 29. a3 Qb7 30. f4 Bd5 31. Kh1 Nc7 32. Re3 
Qa6 33. Qc2 Nb5 34. Rd3 Qa8 35. Qd2 Qc6 36. f5 Qc4 37. f6 Qc7 38. Re3 g6 
39. Ne2 g5 40. Nc3 Nxc3 41. Qxc3 Qd8 42. b5 Bc4 43. Qa1 Bxb5 44. Re1 Bc6 
45. Qd1 Qa8 46. Re2 Be4 47. Rd2 Bd5 48. h4 Qc6 49. Rc2 Qe8 50. Qc1 Bb7 51.
 hxg5 Qf8 52. Rc7 1-0

[Event "2019 Winter Server Series, S91006"]
[Site "CCLA"]
[Date "2019.02.23"]
[Round "?"]
[White "Catania, Duane"]
[Black "Walsh, Patrick"]
[Result "0-1"]
[WhiteElo "1648"]
[BlackElo "1743"]

1. e4 e5 2. Nf3 Nc6 3. Bc4 Be7 4. c3 Nf6 5. d3 O-O 6. Bb3 d5 7. exd5 Nxd5 
8. O-O Bf5 9. Re1 Bf6 10. Bc2 Re8 11. Nbd2 Bg4 12. h3 Bh5 13. Nf1 Bg6 14. 
Ng3 b5 15. Nh2 Qd7 16. Ng4 Bh4 17. Qf3 Rad8 18. Bd2 e4 19. dxe4 Ndb4 20. 
cxb4 Qxd2 21. Ne3 Nd4 22. Qd1 Qxb4 23. Bb3 Bxg3 24. fxg3 Bxe4 25. Qh5 Bg6 
26. Qg5 h6 27. Qh4 c5 28. Kh2 Qd2 29. Qf4 Ne2 30. Qg4 Qxe3 31. Rxe2 Qxe2 
0-1

[Event "2019 Winter Server Series, S91006"]
[Site "CCLA"]
[Date "2019.02.23"]
[Round "?"]
[White "Catania, Duane"]
[Black "Strelecky, Rich"]
[Result "1-0"]
[WhiteElo "1648"]
[BlackElo "1694"]

1. e4 e5 2. Nf3 Nf6 3. Nxe5 d6 4. Nf3 Nxe4 5. d4 d5 6. Bd3 Nc6 7. c3 Bd6 
8. O-O O-O 9. Nbd2 Bf5 10. Re1 Nxf2 11. Kxf2 Bxd3 12. Kg1 Bg6 13. Nf1 Bh5 
14. Be3 h6 15. Bf2 Qf6 16. Ng3 Bxf3 17. Qxf3 Qxf3 18. gxf3 Rfe8 19. Nf5 
Bf4 20. Bg3 Bxg3 21. hxg3 Re6 22. Kf2 Rae8 23. Rxe6 fxe6 24. Ne3 Rf8 25. 
Re1 b5 26. a3 Kh7 27. Ng4 Re8 28. f4 Kg6 29. Ne5+ Nxe5 30. Rxe5 c6 31. Kf3
Kf6 32. g4 g6 33. b3 a6 34. Re1 h5 35. g5+ Ke7 36. Re5 Rc8 37. b4 Kd7 38. 
Re1 a5 39. Re3 axb4 40. cxb4 Kd6 41. Rc3 Kc7 42. Re3 Re8 43. Re5 Kd6 44. 
Re2 Ra8 45. Re3 h4 46. Kg4 Rh8 47. Rh3 Ra8 48. Kxh4 Ke7 49. Kg4 Kd6 50. 
Rh6 Rxa3 51. Rxg6 Re3 52. f5 Re4+ 53. Kh5 Kd7 54. f6 Rxd4 55. Rg8 Rf4 56. 
Kg6 Rxb4 57. f7 Rf4 58. f8=Q Rxf8 59. Rxf8 1-0

[Event "2019 Winter Server Series, S91006"]
[Site "CCLA"]
[Date "2019.02.23"]
[Round "?"]
[White "Catania, Duane"]
[Black "Dolan, Bruce"]
[Result "0-1"]
[WhiteElo "1648"]
[BlackElo "1690"]

1. e4 e5 2. Nf3 Nc6 3. Bc4 Bc5 4. c3 d6 5. d4 exd4 6. cxd4 Bb6 7. Nc3 Bg4 
8. Be3 Nf6 9. h3 Bd7 10. O-O O-O 11. a3 Na5 12. Bd3 Qc8 13. e5 dxe5 14. 
Nxe5 Be6 15. b4 Nb3 16. Rb1 Nxd4 17. Bxd4 Bxd4 18. Bxh7+ Nxh7 19. Qxd4 Rd8
20. Qe3 a5 21. Rbd1 axb4 22. axb4 Nf6 23. Ne4 Nxe4 24. Qxe4 c6 25. f4 Qc7 
26. f5 Rxd1 27. Rxd1 Bd5 28. Qf4 Ra2 29. g3 Qb6+ 30. Qd4 Rg2+ 31. Kf1 Qa6+
32. Qd3 Qa7 33. Qd4 Qa2 34. Qe3 Rh2 0-1

[Event "2019 Winter Server Series, S91006"]
[Site "CCLA"]
[Date "2019.02.23"]
[Round "?"]
[White "Dolan, Bruce"]
[Black "Walsh, Patrick"]
[Result "0-1"]
[WhiteElo "1690"]
[BlackElo "1743"]

1. e4 e5 2. Bc4 Nf6 3. d3 Nc6 4. Nf3 Bc5 5. O-O d6 6. c3 Bb6 7. a4 O-O 8. 
Qc2 a6 9. Be3 d5 10. exd5 Nxd5 11. Bxd5 Qxd5 12. Bxb6 cxb6 13. Nbd2 Bf5 
14. Ne4 Bg4 15. Nfd2 Be2 16. c4 Qxd3 17. Qxd3 Bxd3 18. Rfe1 Nd4 19. Ra2 
Rac8 20. b3 Nc2 21. Rc1 Nb4 22. Raa1 f5 23. Nc3 e4 24. h4 Rcd8 25. Kh2 Be2
26. Nf1 Bxf1 27. Rxf1 Rd3 28. Rac1 Rfd8 29. Kg1 Kf7 30. Rfe1 Ke6 31. Re3 
Rxe3 32. fxe3 Rd3 33. Kf2 a5 34. Ke2 Na6 35. Nb5 Nc5 36. Nd4+ Kf6 37. g3 
g6 38. Rb1 Kg7 39. Kf2 Kh6 40. Ke2 Kh5 41. Kf2 Kg4 42. h5 Rd2+ 43. Ke1 Rh2
44. hxg6 hxg6 45. Rd1 Nd3+ 46. Kf1 Rf2+ 47. Kg1 Kxg3 48. Ne6 Ne5 0-1